Trade game: engaging with Central Asia (Record no. 9168)

MARC details
000 -LEADER
fixed length control field 00486nam a2200169Ia 4500
020 ## - INTERNATIONAL STANDARD BOOK NUMBER
ISBN 9789386618092
082 ## - DEWEY DECIMAL CLASSIFICATION NUMBER
Classification number 382.0954 CHA-T
100 ## - MAIN ENTRY--AUTHOR NAME
Personal name Chandra, Amiya
245 #0 - TITLE STATEMENT
Title Trade game: engaging with Central Asia
260 ## - PUBLICATION, DISTRIBUTION, ETC. (IMPRINT)
Place of publication New Delhi
Name of publisher Pentagon Press
Year of publication 2017
300 ## - PHYSICAL DESCRIPTION
Number of Pages xvi, 312p
504 ## - BIBLIOGRAPHY, ETC. NOTE
Bibliography, etc includes Bibliography and Index
650 ## - SUBJECT ADDED ENTRY--TOPICAL TERM
Topical Term International trade
650 ## - SUBJECT ADDED ENTRY--TOPICAL TERM
Topical Term Commercial policy
Geographic subdivision India
-- Central Asia
650 ## - SUBJECT ADDED ENTRY--TOPICAL TERM
Topical Term Trade regulation
Geographic subdivision India
-- Central Asia
942 ## - ADDED ENTRY ELEMENTS (KOHA)
Koha item type Books
Holdings
Withdrawn status Lost status Damaged status Not for loan Home library Current library Date acquired Source of acquisition Bill Date Full call number Accession Number Price effective from Koha item type
        NASSDOC Library NASSDOC Library 20/03/2018 OP 2018-02-28 382.0954 CHA-T 49686 18/04/2019 Books